000 00524nam a22001697a 4500
999 _c193762
_d193762
005 20221220172105.0
010 _aE.N.A. / 7.11.22
020 _a9789356220812
_c1550.00
037 _bTaxmann
100 _aSinghania, Vinod k.
245 _aTaxmann Students' Guide To Income Tax including GST /
_cVinod k. Singhania & Monica Singhania
260 _aNew Delhi
_bTaxmann
_c2022
270 _a59/32, New Rohtak road, New Delhi -110005
300 _a1041p.
_c27cm(pbk)
700 _aSinghania, Monica
942 _2ddc
_cEN
_mSIN